Регулирование страховой деятельности: учебник и практикум для бакалавриата и магистратуры

Detalles Bibliográficos
Autor Principal: Писаренко Ж. В. Жанна Викторовна
Autor Corporativo: Санкт-Петербургский государственный университет (СПбГУ)
Outros autores: Кузнецова Н. П. Наталия Петровна (редактор), Белозеров С. А.
Summary:В учебнике изложены основные положения теории и практики регулирования страховой деятельности, определяющие модели и механизм организации страхования; особенности осуществления страховой деятельности в разных регионах и отдельных странах мира; модификация регулирования страховой деятельности в условиях экономической рецессии на национальном, региональном и наднациональном уровнях. Особое внимание уделено развитию регулирования в странах с переходной экономикой и в России. Содержание учебника соответствует Федеральному государственному образовательному стандарту высшего образования четвертого поколения и методическим требованиям, предъявляемым к учебным изданиям. Для студентов, обучающихся по экономическим направлениям и специальностям, а также для аспирантов и преподавателей высших учебных заведений, риск-менеджеров предприятий всех форм собственности.
Idioma:ruso
Publicado: Москва, Юрайт, 2014
Series:Бакалавр и магистр. Академический курс
Subjects:
Formato: MixedMaterials Libro
KOHA link:https://koha.lib.tpu.ru/cgi-bin/koha/opac-detail.pl?biblionumber=260527

MARC

LEADER 00000nam0a2200000 4500
001 260527
005 20231101233503.0
010 |a 9785991640978 
035 |a (RuTPU)RU\TPU\book\283476 
090 |a 260527 
100 |a 20140516d2014 m y0rusy50 ca 
101 0 |a rus 
102 |a RU 
105 |a a j 001zy 
200 1 |a Регулирование страховой деятельности  |e учебник и практикум для бакалавриата и магистратуры  |f Ж. В. Писаренко, Н. П. Кузнецова  |g Санкт-Петербургский государственный университет (СПбГУ) ; под ред. С. А. Белозерова 
210 |a Москва  |c Юрайт  |d 2014 
215 |a 437 с.  |c ил. 
225 1 |a Бакалавр и магистр. Академический курс 
320 |a Библиогр.: с. 396-398. 
320 |a Глоссарий: с. 374-392. 
330 |a В учебнике изложены основные положения теории и практики регулирования страховой деятельности, определяющие модели и механизм организации страхования; особенности осуществления страховой деятельности в разных регионах и отдельных странах мира; модификация регулирования страховой деятельности в условиях экономической рецессии на национальном, региональном и наднациональном уровнях. Особое внимание уделено развитию регулирования в странах с переходной экономикой и в России. Содержание учебника соответствует Федеральному государственному образовательному стандарту высшего образования четвертого поколения и методическим требованиям, предъявляемым к учебным изданиям. Для студентов, обучающихся по экономическим направлениям и специальностям, а также для аспирантов и преподавателей высших учебных заведений, риск-менеджеров предприятий всех форм собственности. 
606 1 |a Страхование  |2 stltpush  |3 (RuTPU)RU\TPU\subj\69372  |9 84248 
610 1 |a мировые финансы 
610 1 |a государственное регулирование 
610 1 |a страховая деятельность 
610 1 |a Европейская модель 
610 1 |a англо-американская модель 
610 1 |a Евроазиатская модель 
610 1 |a мировой рынок 
610 1 |a финансовые институты 
610 1 |a страховые рынки 
610 1 |a переходная экономика 
610 1 |a Россия 
610 1 |a Российская Федерация 
610 1 |a пенсионное обеспечение 
610 1 |a пенсионное страхование 
610 1 |a учебники 
610 1 |a практикумы 
686 |a У9(2)271я73  |v LBC/SL-A  |2 rubbk 
700 1 |a Писаренко  |b Ж. В.  |g Жанна Викторовна 
701 1 |a Кузнецова  |b Н. П.  |g Наталия Петровна 
702 1 |a Белозеров  |b С. А.  |4 340 
712 0 2 |a Санкт-Петербургский государственный университет (СПбГУ)  |c (1991- )  |2 stltpush  |3 (RuTPU)RU\TPU\col\62 
801 1 |a RU  |b 63413507  |c 20140516 
801 2 |a RU  |b 63413507  |c 20150625  |g RCR 
900 |a Страхование 
942 |c BK 
951 |b 022000  |l 8.1  |l 8.3 
959 |a 82/20140516  |d 2  |e 499,00  |f ЧЗГЛ:1  |f АНЛ:1